Aquatic adaptations in Mesoamerica : subsistence activities in ethnoarchaeological perspective /
This text explores the subsistence strategies that ancient Mesoamericans implemented to survive and thrive in their environments. It discusses the natural settings, production sites, techniques, artifacts, cultural landscapes, traditional knowledge, and other features linked to human subsistence in...
المؤلف الرئيسي:
التنسيق: كتاب الكتروني
اللغة: English
منشور في:
Summertown, Oxford :
Archaeopress Publishing Ltd,
[2022]
سلاسل:
Archaeopress pre-Columbian archaeology ;
15.
الموضوعات:
الوصول للمادة أونلاين: Login to view Source
الوسوم: إضافة وسم
رقم الطلب: F1434
| LEADER | 02088nam a2200445 i 4500 | ||
|---|---|---|---|
| 001 | EDZ0002868628 | ||
| 003 | StDuBDS | ||
| 005 | 20230412183340.0 | ||
| 006 | m|||||o||d|||||||| | ||
| 007 | cr ||||||||||| | ||
| 008 | 220818t20222022enka fob 001|0|eng|d | ||
| 020 | |a 9781789699128 (PDF ebook) : |c No price | ||
| 040 | |a StDuBDS |b eng |c StDuBDS |e rda |e pn | ||
| 050 | 4 | |a F1434 | |
| 082 | 0 | 4 | |a 972.801 |2 23 |
| 100 | 1 | |a Williams, Eduardo, |e author. | |
| 245 | 1 | 0 | |a Aquatic adaptations in Mesoamerica : |b subsistence activities in ethnoarchaeological perspective / |c Eduardo Williams. |
| 264 | 1 | |a Summertown, Oxford : |b Archaeopress Publishing Ltd, |c [2022] | |
| 264 | 4 | |c ©2022 | |
| 300 | |a 1 online resource (280 pages) : |b illustrations (colour). | ||
| 336 | |a text |2 rdacontent | ||
| 336 | |a still image |2 rdacontent | ||
| 337 | |a computer |2 rdamedia | ||
| 338 | |a online resource |2 rdacarrier | ||
| 490 | 1 | |a Archaeopress pre-Columbian archaeology ; |v 15 | |
| 500 | |a Also issued in print: 2022. | ||
| 504 | |a Includes bibliographical references and index. | ||
| 520 | 8 | |a This text explores the subsistence strategies that ancient Mesoamericans implemented to survive and thrive in their environments. It discusses the natural settings, production sites, techniques, artifacts, cultural landscapes, traditional knowledge, and other features linked to human subsistence in aquatic environments. | |
| 521 | |a Specialized. | ||
| 588 | |a Description based on online resource; title from PDF title page (viewed on September 22, 2022). | ||
| 651 | 0 | |a Central America |x Antiquities. | |
| 651 | 0 | |a Central America |x Civilization |y To 1500. | |
| 650 | 0 | |a Indians of North America |x Antiquities. | |
| 650 | 0 | |a Excavations (Archaeology) |z Central America. | |
| 776 | 0 | 8 | |i Print version : |z 9781789699111 |
| 830 | 0 | |a Archaeopress pre-Columbian archaeology ; |v 15. | |
| 856 | 4 | 0 | |u http://library.arce.org:8087/Archaeopress/Products/9781789699111 |
| 942 | |2 lcc |c EBOOK | ||
| 952 | |0 0 |1 0 |4 0 |6 F1434 |7 1 |9 46961 |a ARCH |b ARCH |d 2023-04-12 |l 0 |o F1434 |r 2023-04-12 00:00:00 |w 2023-04-12 |y EBOOK | ||
| 999 | |c 52619 |d 52619 | ||
